00579 2200217 4500001002100000005001500021035002000036245007900056100002000135250000600155300003500161260003000196082001000226084001600236020002200252650001900274990001700293990001700310990001700327990001700344INLIS00000000000057720190116111252 a0010-01190000331 aMedia Pembelajaran Teknik Elektronika Berbasis Komputer /cYuniarto triadi0 aYuniarto triadi a- aiv, 84 hlm. :bilus. ;c21 cm. aDepok :bArya Duta,c2009 a371.7 a371.7 YUN m a978-979-750-720-6 aMetode Belajar a02096/H/2018 a02097/H/2018 a02098/H/2018 a02099/H/2018